header

Nonlinear and mixed-integer optimization (Record no. 107665)

MARC details
000 -LEADER
fixed length control field 01447nam a2200361Ia 4500
082 04 - DEWEY DECIMAL CLASSIFICATION NUMBER
Classification number 660/.28/015193
100 1# - MAIN ENTRY--AUTHOR NAME
Personal name Floudas, Christodoulos A.
245 10 - TITLE STATEMENT
Title Nonlinear and mixed-integer optimization
260 ## - PUBLICATION, DISTRIBUTION, ETC. (IMPRINT)
Place of publication New York :
Name of publisher Oxford University Press,
Year of publication c1995.
300 ## - PHYSICAL DESCRIPTION
Number of Pages xv, 462 p. :
Other physical details ill.
490 1# - SERIES STATEMENT
Series statement Topics in chemical engineering
650 #0 - SUBJECT ADDED ENTRY--TOPICAL TERM
Topical Term Chemical engineering
Topical Term Integer programming.
Topical Term Mathematical optimization.
Topical Term Nonlinear theories.
856 40 - ELECTRONIC LOCATION AND ACCESS
Uniform Resource Identifier http://site.ebrary.com/lib/rucke/Doc?id=10358467

No items available.

© 2026 Rongo University
Contact us: librarian | system librarian | Rongo university